MDQL
is popping MORE tags! Check the
thread
!
Quizzes
Events
Quiz Creation
Community
Videos
Private Events
Remove Ads
Sign In
Join for FREE
Feedback
Dark Mode
Quiz Categories
Sports
Geography
Music
Movies
Television
Just For Fun
Miscellaneous
History
Literature
Language
Science
Gaming
Entertainment
Religion
Holiday
For Kids
Quiz Lab
Recent
Popular Today
Quiz Kudos Today
Editor Picks
Curator Picks
Quizzes by...
Day
Popularity
Type
Ratings
Length
Year
Community
Subscriptions
Recent Discussions
Orange Saloon
Badges
Playlists
Quests
Create
Leaderboards
Showdown
Live 5
Trivia Bingo
Activity
Puzzle Library
Sporcle Events
Private Events
Virtual Trivia
Globe League
Become a Host
Pub Owners
SporcleCon
Opinionation
Our Games
Videos
Blog
Mobile Apps
Partnerships
Remove Ads and Go Orange
Feedback
Movies
Disney
Marvel Cinematic Universe
Movie Resume
Movie Titles
Oscar
Actor
Actress
Director
Pixar
Role
Movie Quotes
Movie Characters
Box Office
Nominee
Best Picture
Star Wars
James Bond
Horror Movies
Movies
Disney
Marvel Cinematic Universe
Movie Resume
Movie Titles
Oscar
Actor
Actress
Director
Pixar
Role
Movie Quotes
Movie Characters
Box Office
Nominee
Best Picture
Star Wars
James Bond
Horror Movies
Random Quiz
Search Sporcle
×
Quiz Lab
Quiz Lab
Movies
Actress
Type in answers that appear in a list
Type in answers that appear in a list
Classic
Best Score? Go Orange.
Best selling actresses Stats
Can you name the actresses who have sold a billion dollars worth of tickets?
By
MK99
10m
35 Questions
292 Plays
292 Plays
292 Plays
Comments
Comments
Give Quiz Kudos
Give Quiz Kudos
-
- Ratings
hide this ad
Replay
Link that replays current quiz
Next Quiz
Link to next quiz in quiz playlist
You Got
0%
They Got
Avg Score
38%
Avg Friend Score
Upgrade to see
Score Distribution
Jump to the score distribution portion of the page
Score
0/35
Timer
10:00
0
Plays Today
career box office
% Correct
$2,422,700,000
Julia Roberts
87.3%
$1,660,600,000
Meryl Streep
76.4%
$2,251,000,000
Cameron Diaz
70.9%
$1,227,400,000
Angelina Jolie
70.5%
$1,654,000,000
Sandra Bullock
63%
$1,479,600,000
Halle Berry
55.8%
$1,452,700,000
Nicole Kidman
55.8%
$1,527,500,000
Drew Barrymore
53.1%
$1,072,500,000
Catherine Zeta-Jones
49.7%
$1,592,000,000
Cate Blanchett
46.2%
$1,019,700,000
Demi Moore
44.9%
$1,237,000,000
Jada Pinkett-Smith
42.5%
$1,055,100,000
Julianne Moore
42.5%
$1,430,100,000
Natalie Portman
40.1%
$1,764,000,000
Emma Watson
39.7%
$1,007,900,000
Gwyneth Paltrow
39.7%
$2,074,500,000
Sigourney Weaver
38.7%
$1,303,100,000
Keira Knightley
38.7%
career box office
% Correct
$1,539,600,000
Liv Tyler
35.3%
$1,751,200,000
Kirsten Dunst
33.9%
$1,155,000,000
Renee Zellweger
32.9%
$1,130,300,000
Susan Sarandon
32.5%
$1,321,800,000
Carrie Fisher
31.5%
$1,148,700,000
Meg Ryan
30.1%
$1,152,800,000
Anne Hathaway
27.4%
$1,252,600,000
Judi Dench
26.7%
$1,056,100,000
Bonnie Hunt
25.7%
$1,247,500,000
Michelle Pfeiffer
24.7%
$1,980,100,000
Kathy Bates
21.2%
$1,322,200,000
Zoe Saldana
19.5%
$1,014,700,000
Glenn Close
19.2%
$1,546,700,000
Queen Latifah
14%
$1,098,400,000
Helena Bonham Carter
13.7%
$1,110,300,000
Dakota Fanning
11%
$1,143,800,000
Famke Janssen
8.2%
Quiz Playlist
Details
Report
Send in Message
Add To Playlist
Classic:
Type in answers that appear in a list
Last Updated: Feb 16, 2017
Quiz Scoreboard
CHALLENGE
Sign Up to Join the Scoreboard
Show All
Scores
Hide
Comments
May contain spoilers
Recently Published
Image Sorting: Flags VI
by Barbecue
Geography
2m
Find the 'City' Movie
by crazypaving
Movies
60s
Colored Red Africa Blitz
by spor1
Geography
45s
More to Explore
Quiz From the Vault
Featured Blog Post
14 Easter Pick-up Lines to Find Eggs With
hide this ad
You Might Also Like...
Tags
Actress Quiz
Best Selling
billion
Box
Career
dollar
office
sold
ticket
Worth
Today's Top Quizzes in Movies
Browse Movies
hide this ad
Today's Top Quizzes in Actress
Browse Actress
Top Contributed Quizzes in Movies
1
Find The 'Big' Movie
2
Find The 'Blue' Movie
3
Find The 'Wild' Movie
4
Movies By Plot
5
The ultimate James Bond movie quiz
6
Hidden Star Wars Character II
7
Pick 5 Posters: Directed by Spielberg
8
Hidden Star Wars Character III
9
Hidden Star Wars Character IV
10
25 Best Actor Nominees (1990s)
Explore More
Trending Topics
Disney
Kpop
Harry Potter
Marvel
Crossword
Anime
NBA
Soccer
WWE
Puzzle
The Office
Song
Country
NFL
Pokémon
hide this ad
More By:
MK99
Quiz
Plays
Rating
Category
Featured
Created
Best selling actresses
292
4.00
Movies
May 3, 2010
Best selling directors
191
4.50
Movies
May 4, 2010
Top-selling Oscar winners
127
4.75
Movies
Apr 23, 2010
Go to Creator's Profile
Score Distribution
Quiz Creator Spotlight
MK99
Follow
Send a Message
Quizzes Created
-
Created Quiz Play Count
-
More By This Creator
Popular Quizzes Today
1
Colored Red Africa Blitz
2
Find the US States - No Outlines Minefield
3
Find the 'City' Movie
4
5x2 Blitz: Bands
5
The Countries of the World
6
Find the US States
7
Find the Countries of Europe - No Outlines Minefield
8
US States
More Movies Quizzes
5-to-1 Movie Songs (Clips)
Editor's Pick
Trending Quizzes
Colored Red Europe Blitz I
Colored Red Europe Blitz II
Colored Red Africa Blitz II
Colored Red Europe Blitz III
Colored Red Africa Blitz III
Recently Updated
How Do You Spell That?
pecheneg
Godzilla Movies
pecheneg
Grab Bag: 4-10 Letters
pecheneg
2024 March Madness Bracket
pecheneg
Famous TV Couples
Peacemaker
Champions League XIs: Real Madrid
pecheneg
Largest US Cities 1790-2010
pecheneg
Rides in Walt Disney World
pecheneg
Most Oscar Losses (Acting)
pecheneg
Beyoncé Albums
pecheneg
Trending Topics
Anime
Harry Potter
Kpop
Crossword
Marvel
NBA
Disney
NFL
WWE
Country
Pokémon
Puzzle
The Office
Soccer
Song
Your Account Isn't Verified!
In order to create a playlist on Sporcle, you need to verify the email address you used during registration. Go to your
Sporcle Settings
to finish the process.
Report this User
Report this user for behavior that violates our
Community Guidelines
.
Details:
Send Report
Go to the Sporcle.com Mobile Site →
Comments